000 02574nam2a2200301 4500
001 RU\NLR\BIBL_A\011623321
005 20180226105352.0
010 _a978-5-9227-0671-1
010 _a978-5-9227-0672-8
_9300
021 _aRU
_bКН-П-18-000877
_9КН-П-18-0058
035 _a(NLR Aleph) 011623321
035 _a(RuMoRGB)009515426
090 _a10995664
_c10995664
100 _a20180207d2016 u y0rusy50 ca
101 0 _arus
102 _aRU
105 _aa|||z|||000zy
200 1 _aСовременные строительные материалы для частей зданий
210 _d2016
215 _a153, [1] с.
_cил., цв. ил.
320 _aБиблиогр.: с. 149 (15 назв.) и в тексте
461 0 _1001RU\NLR\BIBL_A\011636898
_12001#$aСовременные строительные материалы и архитектурно-строительные системы зданий$eучебное пособие$e[для студентов и магистрантов высших учебных заведений архитектурно-строительного профиля$eв 2 ч.]$fЮ.М. Тихонов, С.Г. Головина, А.Ф. Шарапенко$gМинистерство образования и науки Российской Федерации, Санкт-Петербургский государственный архитектурно-строительный университет$vЧ. 1
_1700#1$aТихонов$bЮ. М.$gЮрий Михайлович$f1941-$cд-р техн. наук$3RU\NLR\AUTH\770126992
_911059022
_aТихонов, Ю. М. (д-р техн. наук ; 1941-)
_cСанкт-Петербург
_d2016
_fЮ.М. Тихонов, С.Г. Головина, А.Ф. Шарапенко
_nСанкт-Петербургский государственный архитектурно-строительный университет
_oучебное пособие : [для студентов и магистрантов высших учебных заведений архитектурно-строительного профиля : в 2 ч.]
_tСовременные строительные материалы и архитектурно-строительные системы зданий
_vЧ. 1
606 1 _aЧасти зданий
_jУчебные издания для высших учебных заведений
_91064538
_3RU\NLR\AUTH\6695204
942 _cBOOK
980 _aNBR
980 _aNB